Najpopularniejsi raperzy w tym tygodniu . 12-18.02 - Statystyki

Ogólne statystyki
  • Ten quiz został rozwiązany 20 razy
  • Średni wynik to 8 z 15
Statystyki odpowiedzi
Miejsce w poprzednim tygodniu Wyświetlenia Raper % Poprawnych
#1 6.40M Bedoes
84%
#6 3.97M Kizo
74%
#12 2.94M Quebonafide
68%
#3 5.18M Szpaku
63%
#13 2.35M White 2115
63%
#17 2.24M Taco Hemingway
58%
#4 4.00M Kabe
53%
#7 4.96M Sobel
53%
#9 3.19M Żabson
53%
#2 5.58M Guzior
47%
#10 4.17M Kali
47%
#11 3.22M Paluch
47%
#5 4.04M Tymek
42%
#20 2.48M Kubańczyk
32%
#8 4.96M Major SPZ
21%
Nie znaleziono quizów pasujących do podanych kryteriów
Rozkład punktacji
Procent ludzi z każdym wynikiem
Percentyl według liczby udzielonych odpowiedzi
Twoja historia wyników
Nie rozwiązałeś tego quizu